000 00209nam a22000857a 4500
008 161201b xxu||||| |||| 00| 0 eng d
100 _91693
_aMenon.N
245 _aBalloons for me
260 _aNew Delhi
_bN.D CBT
_c2007
999 _c4406
_d4406